LEADER 01578nam a2200325 i 4500 001 000000034876 003 CaOOAMICUS 005 20051201000000.0 008 051201s1989 it u000 u ita u 013 $a2117 020 $a88-343-0281-8 040 $aSeMil$bita 100 1 $aRahner, Karl,$c.$0(OLS)http://semarc/name/61 240 10$aGeist in Welt :$bzur Metaphysik der endlichen Erkenntnis bei Thomas von Aquin.$0(OLS)http://semarc/title/47406 245 10$aSpirito nel mondo /$cKarl Rahner ; a cura di Massimo Marassi e Achille Zoerle ; introduzione di Johannes B. Lotz. 260 $aMilano :$bVita e Pensiero,$c1989. 300 $aXXIV, 384 p. ;$c22 cm. 490 0 $aMetafisica e storia della metafisica ;$v7 600 04$aTommaso : d'Aquino .$0(OLS)http://semarc/subject/115 650 4$aGnoseologia filosofica.$0(OLS)http://semarc/subject/5462 650 4$aMetafisica.$0(OLS)http://semarc/subject/188 700 1 $aLotz, Johannes Baptist .$0(OLS)http://semarc/name/9185 700 1 $aZoerle, Achille.$0(OLS)http://semarc/name/15514 700 1 $aMarassi, Massimo.$0(OLS)http://semarc/name/16062 830 0$aMetafisica e storia della metafisica ;$v7.$0(OLS)http://semarc/title/111 850 $aSeMil 852 $aSeMil$W1$xVenegono$y1$m2LA L 7$j260514$B1031$CSeMilBibl$Z2$F1031 $81 996 $6020$a88-343-0281-8$9(OLS)http://semarc/number/2827 996 $6245$aSpirito nel mondo$9(OLS)http://semarc/title/47405 996 $6260$aMilano :$bVita e Pensiero$9(OLS)http://semarc/publisher/29642 LEADER 01619nam a2200313 i 4500 001 000000050288 003 CaOOAMICUS 005 20060707000000.0 008 060707s1996 it u000 u ita u 013 $a21459 020 $a88-394-0535-6 040 $aSeMil$bita 100 1 $aGarcía Martínez, Florentino.$0(OLS)http://semarc/name/7516 240 14$aLos hombres de Qumràn : Literatura, estructura social y concepciones religiosas.$0(OLS)http://semarc/title/76772 245 14$aGli uomini di Qumran :$bletteratura, struttura sociale e concezioni religiose /$cFlorentino Garcia Martinez e Julio Trebolle Barrera ; Edizione italiana a cura di Alessandro Catastini. 260 $aBrescia :$bPaideia,$ccopyr. 1996. 300 $a373 p. ;$c21 cm. 490 0 $aStudi biblici ;$v113 650 4$aRotuli del Mar Morto .$0(OLS)http://semarc/subject/1827 650 4$aBibbia. Nuovo Testamento - Commentari, studi, critica, interpretazioni.$0(OLS)http://semarc/subject/184 700 1 $aCatastini, Alessandro.$0(OLS)http://semarc/name/3930 700 1 $aTrebolle Barrera, Julio.$0(OLS)http://semarc/name/24910 830 0$aStudi biblici ;$v113.$0(OLS)http://semarc/title/33 850 $aSeMil 852 $aSeMil$W1$xVenegono$y1$m2WA A 113$j245126$B16443$CSeMilBibl$Z2$F16443 $81 961 $aAcquisto: Glossa (Libreria) 996 $6020$a88-394-0535-6$9(OLS)http://semarc/number/23968 996 $6245$aGli uomini di Qumran :$bletteratura, struttura sociale e concezioni religiose$9(OLS)http://semarc/title/76771 996 $6260$aBrescia :$bPaideia$9(OLS)http://semarc/publisher/29614